000 00329nam a22001457a 4500
008 230418b ||||| |||| 00| 0 eng d
020 _a9780813030708
041 _aeng
080 _a030
082 _a030
100 _a40
101 _aARKEOLO
245 _aTHE ARCHEOLOGY OF COLLECTIVE ACTION
_cSAITTA.J.D
942 _2udc
_cBK
999 _c59577
_d59577